Missing Word: 'Before' and 'After' Movies Quiz Stats

 Plays Quiz Updated Jul 16, 2015

Score 0/14 Timer 02:00
0 Plays Today
Movie Missing Word % Correct
The Day After _____Tomorrow
90.7%
The _____ Before ChristmasNightmare
88.2%
_____ After: A Cinderella StoryEver
86.3%
The _____ Before TimeLand
84.8%
Burn After _____Reading
80.9%
Before the _____ Knows You're DeadDevil
67.7%
Shrek _____ AfterForever
58.9%
Movie Missing Word % Correct
Before I Go to _____Sleep
55.2%
Friday After _____Next
54%
A _____ Before DyingKiss
36%
_____ Before ChanelCoco
35.7%
Before _____Sunset
31.4%
After _____Earth
18.6%
After the _____ ManThin
15.6%

Today's Daily Dose

You're not logged in!

Compare scores with friends on all Sporcle quizzes.
Join for Free
OR
Log In

You Might Also Like...

Show Comments

Extras

Top Quizzes Today


Score Distribution

Your Account Isn't Verified!

In order to create a playlist on Sporcle, you need to verify the email address you used during registration. Go to your Sporcle Settings to finish the process.

Report this User

Report this user for behavior that violates our Community Guidelines.

Details: